000 01084cab a2200361 4500
001 ABS53703
008 090401t1995 xxu||||| |||| 00| 0 eng d
035 _a(Sirsi) u6054
041 _aeng
100 _aDouglas, J.
245 _aBasic diagnostic chemical tests for building surveyors
260 _c1995
350 _a0
490 _aStructural Survey
_v13(3) 1995, 22-27(6)
520 _aOverview of some of the different types of tests used by building surveyors to determine the condition/suitability of building materials.
650 _aACID IMMERSION TEST
650 _aBUILDING DEFECTS
650 _aBUILT ENVIRONMENT-BUILDING MATERIALS
650 _aCHEMICAL TESTING
650 _aCOMPRESSIVE TESTS
650 _aDIAGNOSIS
650 _aDIAGNOSTIC TESTS
650 _aDURABILITY
650 _aEFFLORESCENCE TEST
650 _aFAILURES
650 _aMASONRY MATERIALS
650 _aSALTS ANALYSIS
650 _aSAND SIEVE ANALYSIS
650 _aTESTING
690 _aBUILT ENVIRONMENT-BUILDING INSPECTION
942 _n0
948 _c04/03/1997
999 _c3629
_d3629